000 00278nam a22001337a 4500
008 190306b xxu||||| |||| 00| 0 eng d
020 _a2740236997887
041 _aeng
080 _a371
100 _a25
101 _aEDU
245 _aCrossroads
_cThiel, D
942 _2udc
_cBK
999 _c54652
_d54652